| 000 | 00694cam a2200217 4500 | ||
|---|---|---|---|
| 001 | BFD003317 | ||
| 008 | 1984 spa | ||
| 020 | _a9681617088 | ||
| 035 | _aBFD003317 | ||
| 050 | 0 | 4 |
_aPQ8119.R6 _bA7 1984 |
| 100 | 1 | _aRodó, José Enrique | |
| 245 | 0 |
_aAriel _c/José Enrique Rodó ; intrododucción Lorenzo Rafael Ávila. |
|
| 250 | _a1a ed. | ||
| 260 |
_aMéxico : _bCREA : _bFondo de Cultura Económica , _c1984 |
||
| 300 |
_a101 páginas ; _c21 cm. |
||
| 490 | 0 | _aBiblioteca joven | |
| 504 | _aIncluye bibliografía | ||
| 650 | 4 | _aLiteratura uruguaya | |
| 650 | 4 |
_aRodó, José Enrique, 1871-1917 _xSiglo XX |
|
| 700 | 1 |
_aÁvila, Lorenzo Rafael , _eintroducción |
|
| 942 |
_2lcc _cLIB |
||
| 999 |
_c152175 _d152173 |
||